Participación del Banco de Programas y Proyectos en funciones de planeación y programación de las inversiones (Registro nro. 56182)

Detalles MARC
000 -CABECERA
campo de control de longitud fija 00746nam a2200229Ia 4500
001 - NÚMERO DE CONTROL
campo de control 56182
003 - IDENTIFICADOR DEL NÚMERO DE CONTROL
campo de control 127169
005 - FECHA Y HORA DE LA ÚLTIMA TRANSACCIÓN
campo de control 20240709063526.0
008 - DATOS DE LONGITUD FIJA--INFORMACIÓN GENERAL
campo de control de longitud fija ||||||n9999 ||| || ||
041 ## - CÓDIGO DE LENGUA
Código de lengua del texto/banda sonora o título independiente spa
110 1# - ENTRADA PRINCIPAL--NOMBRE DE ENTIDAD CORPORATIVA
Nombre de entidad corporativa o nombre de jurisdicción como elemento de entrada Colombia.
Unidad subordinada Departamento Nacional de Planeación
9 (RLIN) 261
245 #0 - MENCIÓN DE TÍTULO
Título Participación del Banco de Programas y Proyectos en funciones de planeación y programación de las inversiones
260 ## - PUBLICACIÓN, DISTRIBUCIÓN, ETC.
Lugar de publicación, distribución, etc. Bogotá :
Nombre del editor, distribuidor, etc. Departamento Nacional de Planeación-DNP,
Fecha de publicación, distribución, etc. 1998.
300 ## - DESCRIPCIÓN FÍSICA
Extensión 74p.
490 ## - MENCIÓN DE SERIE
Mención de serie Ayuda
562 ## - NOTA DE IDENTIFICACIÓN DE LA COPIA Y VERSIÓN
Número de copias 7
650 #0 - PUNTO DE ACCESO ADICIONAL DE MATERIA--TÉRMINO DE MATERIA
Término de materia o nombre geográfico como elemento de entrada BANCOS DE PROYECTOS--COLOMBIA
9 (RLIN) 201275
650 ## - PUNTO DE ACCESO ADICIONAL DE MATERIA--TÉRMINO DE MATERIA
Término de materia o nombre geográfico como elemento de entrada INVERSIONES PÚBLICAS--COLOMBIA
9 (RLIN) 34176
650 ## - PUNTO DE ACCESO ADICIONAL DE MATERIA--TÉRMINO DE MATERIA
Término de materia o nombre geográfico como elemento de entrada PROYECTOS DE INVERSIÓN PÚBLICA--COLOMBIA
9 (RLIN) 34178
942 ## - ELEMENTOS DE PUNTO DE ACCESO ADICIONAL (KOHA)
Tipo de ítem Koha Documento Externo
942 ## - ELEMENTOS DE PUNTO DE ACCESO ADICIONAL (KOHA)
Tipo de ítem Koha Documento Gobierno
Existencias
Estado de retiro Estado de pérdida Estado dañado No para préstamo Código de colección Localización permanente Ubicación/localización actual Fecha de adquisición Coste, precio normal de compra Signatura topográfica completa Código de barras Número de copia Tipo de ítem Koha Total de préstamos
        Documentos de Gobierno Bogotá - Sede Central Bogotá - Sede Central 07/09/2022 35000.00 D.G.1575 77192 1 Documento Gobierno  
        General Medellín - Sede Antioquia Medellín - Sede Antioquia   35000.00 D.G.093 ANT5480 2 Documento Externo  
        General Medellín - Sede Antioquia Medellín - Sede Antioquia   35000.00 D.G.093 e2 ANT5481 3 Documento Externo  
        General Medellín - Sede Antioquia Medellín - Sede Antioquia   35000.00 D.G.093 e3 ANT5482 4 Documento Externo  
        General Medellín - Sede Antioquia Medellín - Sede Antioquia   0.00 D.G.093 e4 ANT9162 5 Documento Externo  
        General Medellín - Sede Antioquia Medellín - Sede Antioquia   0.00 D.G.093 e5 ANT9163 6 Documento Externo  
        General Medellín - Sede Antioquia Medellín - Sede Antioquia   0.00 D.G.093 e6 ANT9164 7 Documento Externo